000 01522nam0a2200361 4500
001 RU\NLR\BIBL_A\010433487
005 20260409071152.0
010 _a978-5-9614-4719-4
_94000
021 _aRU
_b2014-39296
_92398
035 _a(NLR Aleph) 010433487
090 _a9860245
_c9860245
100 _a20140722d2014 k y0rusy50 ca
101 1 _arus
_ceng
102 _aRU
105 _aa|||z|||000yy
200 1 _aВосьмой навык
_eот эффективности к величию
_fСтивен Р. Кови
_gпер. с англ. [Ю. Сундстрем]
205 _a9-е изд.
210 _aМосква
_cАльпина Паблишерз
_d2014
215 _a404, [1] с.
_cил.
_d24
300 _aЗагл. и авт. ориг.: The 8th habit / Stephen R. Covey
320 _aБиблиогр. в примеч.
333 _a0+
454 0 _12001#$aThe 8th habit$fStephen R. Covey
_1700#1$aCovey$bS. R.$gStephen R.$f1932-2012$3RU\NLR\AUTH\77102663
_tThe 8th habit
_aCovey, Stephen R. (1932-2012)
606 _aОбщение (социол.)
_3RU\NLR\AUTH\66490938
_91209654
606 1 _aКарьера служебная
_xСоциально-психологические исследования
_92075067
_3RU\NLR\AUTH\661250106
686 1 _aС550.353
686 1 _aС550.445
700 1 _8rus
_7ca
_aКови
_bС. Р.
_f1932-2012
_gСтивен Р.
_3RU\NLR\AUTH\777479
_9117413
942 _cBOOK
980 _aNBR
980 _aNB